000 00285nam a22001337a 4500
008 181121b xxu||||| |||| 00| 0 eng d
020 _a9781121838369
041 _aeng
080 _a370
100 _a48
101 _aEDU
245 _aBroward College
_cMichael.K
942 _2udc
_cBK
999 _c52276
_d52276